Statistics for Guess the mystery categories #3

Click here to take the quiz!

General Stats

  • This quiz has been taken 3,495 times
  • The average score is 27 of 50

Answer Stats

HintAnswer% Correct
7Organ made of cardiac muscleHeart
93%
2Operator of an aeroplanePilot
92%
5The coloured part of the eyeIris
92%
3King Arthur had a round oneTable
88%
9Winged god that shoots arrows of loveCupid
87%
6Central region of the front of the handPalm
87%
8French speaking province of CanadaQuebec
83%
6British for 'eraser'Rubber
82%
8Capital of PeruLima
81%
3Late afternoon meal in BritainTea
81%
3A carrier of golf clubsCaddy
78%
1Lease, hire, let outRent
73%
6Popeye's girlfriendOlive
73%
7Giant covalent carbon mineralDiamond
73%
6CategoryTypes of tree
71%
6Mario's girlfriendPeach
71%
7Exclusive group or Captain Caveman's weapon of choiceClub
71%
7CategoryCard suits
70%
9Mayor of New York, GiulianiRudolph
70%
9Celestial body with a nucleus, coma & tailComet
70%
9Female foxVixen
70%
9CategorySantas reindeer
70%
7Flat edged entrenching toolSpade
70%
3What Meatloaf will do anything forLove
69%
4North American countryMexico
68%
5French for pinkRose
63%
5CategoryFlowers
60%
1CategoryMusicals
56%
8National sport of ScotlandGolf
55%
4Walled city of north EnglandYork
55%
5She blew up like a blueberryViolet
55%
1The Sooner StateOklahoma
54%
1Fat, oil, gunkGrease
53%
1Ms. Lennox e.g.Annie
51%
8Second highest frequency radiationX-ray
39%
4Southern England county home to SouthamptonHampshire
37%
8CategoryNATO phonetic alphabet
35%
4Category"New" states
34%
4Jumper, sweater, pulloverJersey
31%
2Sad, glum, downcastBlue
28%
2CategorySpecies of whale
15%
5Cocktail with lemon juice, sugar & grenadineDaisy
12%
2Nickname for a five dollar billFin
12%
10Dry stalks of cereal plants after grain is removedStraw
12%
2Indistinct, vague, unclearGray
9%
3CategoryTypes of spoon
9%
10Colin Vearncombe's stage nameBlack
8%
10Bird of the Anatidae familyGoose
6%
10CategoryTypes of berry
4%
10Scrape, chafeRasp
3%

Score Distribution

Percentile by Number Answered

Percent of People with Each Score

Your Score History

You have not taken this quiz